000 00382nam a2200145Ia 4500
008 230917s9999||||xx |||||||||||||| ||und||
040 _e84144
_aMAIN
041 _aEnglish
082 _a158.7 S12I
100 _aSaal, Frank E
245 0 _aIndustrial/organization Psychology: science and practice
260 _aCalifornia
_bBrooks/Cole
_c1995
300 _axi, 589 p.
942 _cBK
999 _c94759
_d94759